000 00427nam a2200169Ia 4500
001 28751
003 IN-NITTTR
005 20251114233354.0
008 251113s9999||||xx |||||||||||||| ||eng||
040 _beng
040 _cIN-NITTTR
041 _aeng
082 _a658.4092 N817I
100 _aNorthouse, Peter G.
245 0 _aIntroduction to leadership :
_b concepts and practice /
_cNorthouse, Peter G.
942 _2ddc
_cBK
999 _c31379
_d31379